00502nam a2200157Ia 45000010006000000050017000060080041000230410008000640820017000721000037000892450165001262600009002913000028003006500008003286540008003361712720260306170402.0260306t2015||||xx |||||||||||||| ||und|| aESP a657.46bB45A aBernal Rojas, Josue AlfredoeAUT 0aOrigen y reversión de las diferencias temporarias y permanentes:bincidencia de la reducción de la tasa del impuesto a la renta - Aplicación del la NIC 12 c2015 a698 páginas :c24 cm. aGEN aCCO